Revoluciones burguesas : (Record no. 2156)
[ view plain ]
| 000 -LEADER | |
|---|---|
| fixed length control field | 00712cam a22002537a 4500 |
| 001 - CONTROL NUMBER | |
| control field | 002166 |
| 003 - CONTROL NUMBER IDENTIFIER | |
| control field | armpunfd |
| 005 - DATE AND TIME OF LATEST TRANSACTION | |
| control field | 20140813081721.0 |
| 008 - FIXED-LENGTH DATA ELEMENTS--GENERAL INFORMATION | |
| fixed length control field | 080905e0####xx#a##########000#0##nd#d |
| 020 ## - INTERNATIONAL STANDARD BOOK NUMBER | |
| International Standard Book Number | 987949430X |
| 040 ## - CATALOGING SOURCE | |
| Original cataloging agency | armpunfd |
| Transcribing agency | armpunfd |
| 080 ## - UNIVERSAL DECIMAL CLASSIFICATION NUMBER | |
| Universal Decimal Classification number | 342 SL 16 |
| 100 10 - MAIN ENTRY--PERSONAL NAME | |
| Personal name | Slavin, Pablo Eduardo. |
| 245 10 - TITLE STATEMENT | |
| Title | Revoluciones burguesas : |
| Remainder of title | Estados Unidos de Norteamerica |
| 260 ## - PUBLICATION, DISTRIBUTION, ETC. (IMPRINT) | |
| Place of publication, distribution, etc | Mar Del Plata : |
| Name of publisher, distributor, etc | Suarez, |
| Date of publication, distribution, etc | 2003. |
| 300 ## - PHYSICAL DESCRIPTION | |
| Extent | 260 p. |
| 650 #7 - SUBJECT ADDED ENTRY--TOPICAL TERM | |
| Topical term or geographic name as entry element | Derecho Politico |
| Source of heading or term | LEMB |
| 650 #7 - SUBJECT ADDED ENTRY--TOPICAL TERM | |
| Topical term or geographic name as entry element | Revolucion Norteamericana |
| Source of heading or term | LEMB |
| 650 #7 - SUBJECT ADDED ENTRY--TOPICAL TERM | |
| Topical term or geographic name as entry element | Revoluciones Burguesas |
| Source of heading or term | LEMB |
| 942 ## - ADDED ENTRY ELEMENTS (KOHA) | |
| Koha item type | LIBRO |
| Source of classification or shelving scheme | |
| 945 ## - LOCAL PROCESSING INFORMATION (OCLC) | |
| a | Catalis |
| d | 2010-08-19 |
| 945 ## - LOCAL PROCESSING INFORMATION (OCLC) | |
| a | sa |
| d | 2013-08-30 |
| 945 ## - LOCAL PROCESSING INFORMATION (OCLC) | |
| a | sa |
| d | 2013-11-22 |
| Withdrawn status | Lost status | Source of classification or shelving scheme | Damaged status | Not for loan | Home library | Current library | Shelving location | Date acquired | Total Checkouts | Full call number | Barcode | Date last seen | Date checked out | Price effective from | Koha item type | Total Renewals | Checked out |
|---|---|---|---|---|---|---|---|---|---|---|---|---|---|---|---|---|---|
| Bib. Derecho | Bib. Derecho | Sector Prestamo | 12/06/2014 | 1 | 342 SL 16 | 202090 | 10/06/2016 | 13/05/2016 | 12/06/2014 | LIBRO | |||||||
| Bib. Derecho | Bib. Derecho | Sala de Lectura | 12/06/2014 | 27 | 342 SL 16 | 202789 | 25/04/2024 | 22/04/2024 | 12/06/2014 | LIBRO (Consulta) | 10 | ||||||
| Bib. Derecho | Bib. Derecho | 12/06/2014 | 6 | 342 SL 16 | 202736 | 05/04/2022 | 05/04/2022 | 12/06/2014 | LIBRO | ||||||||
| Bib. Derecho | Bib. Derecho | Sector Prestamo | 23/10/2017 | 16 | 342 SL 16 | 203540 | 21/05/2025 | 16/04/2025 | 23/10/2017 | LIBRO | 11 | ||||||
| Bib. Derecho | Bib. Derecho | Sector Prestamo | 01/10/2018 | 6 | 342 SL 16 | 203828 | 05/04/2022 | 05/04/2022 | 01/10/2018 | LIBRO | 3 | 12/04/2022 | |||||
| Bib. Derecho | Bib. Derecho | Sector Prestamo | 02/06/2022 | 4 | 342 SL 16 | 204168 | 24/04/2024 | 09/04/2024 | 02/06/2022 | LIBRO | 2 | ||||||
| Bib. Derecho | Bib. Derecho | Sector Prestamo | 01/11/2024 | 1 | 342 SL 16 | 204536 | 11/04/2025 | 11/04/2025 | 01/11/2024 | LIBRO | 22/04/2025 |
